تحميل...

Seaside plants of the world

التفاصيل البيبلوغرافية
المؤلف الرئيسي: Menninger, E A
التنسيق: Printed Book
اللغة:Undetermined
English
منشور في: New York Hearthside Press 1964
الموضوعات:
LEADER 00532nam a2200169Ia 4500
008 140306s9999 xx 000 0 und d
041 |a eng 
082 |a 580  |b MEN/SE 
100 |a Menninger, E A 
245 |a Seaside plants of the world 
260 |a New York  |b Hearthside Press  |c 1964 
300 |a 303 
365 |b Rs .86 .55 
650 |a Botany 
942 |2 ddc  |c BK 
999 |c 117755  |d 117755 
952 |0 0  |1 0  |2 ddc  |4 0  |6 580_000000000000000_MENSE  |7 0  |9 116688  |a KAUHCV  |b KAUHCV  |d 2002-04-29  |g 86.55  |o 580 MEN/SE  |p KAU_HCV-6973  |r 2014-03-22  |w 2014-03-22  |y BK